00470nam a22001577a 4500003000400000020001700004082002000021100001500041245002500056250001000081260004300091300001000134942001200144999001900156952013700175OSt a978007106786 a338.092bGUP/MA aGupta, G S aManagerial economics a2,ed. aNew DelhibMcgraw hill educationc2012 a431p. 2ddccBK c191086d191086 00102ddc40708NFICaKAUCBVbKAUCBVcCHILDd2018-12-13g425.00l2o338.092 GUP/MAr2019-02-19 00:00:00s2019-02-08w2018-12-13yBK